| 000 | 00855nam a2200277 a 4500 | ||
|---|---|---|---|
| 005 | 20140310183538.0 | ||
| 008 | 111018s19uu xx 00 eng d | ||
| 010 | _a2010286954 | ||
| 020 | _a9781844452767 | ||
| 050 |
_aQA 135.6 _b.P75 2009 |
||
| 100 | _aMooney, Claire | ||
| 245 |
_aPrimary mathematics : _bknowledge and understanding / _cClaire Mooney ... [et al.]. |
||
| 250 | _a4th ed. | ||
| 260 |
_aExeter : _bLearning Matters, _c2009. |
||
| 300 |
_aiii, 156 p. : _b ill. ; _c25 cm. |
||
| 440 | _aAchieving QTS | ||
| 500 | _aIncludes bibliographical references (p. 151-152) and index. | ||
| 521 | _aEDU | ||
| 650 |
_aMathematics _xStudy and teaching (Elementary) _zGreat Britain |
||
| 700 | _aFerrie, Lindsey | ||
| 700 | _aFox, Sue | ||
| 700 | _aHansen, Alice | ||
| 700 | _aWrathmell, Reg | ||
| 942 |
_cBK _2lcc _kFOR |
||
| 999 |
_c24748 _d24748 |
||